Hledání nejvýhodnějšího řešení. Logistika odstraňuje intuitivnost při rozhodování o podnikatelských záměrech.

Aplikovanie logistiky na podnikateľskú sféru, poznatky teórie riadenia, zásob, sietí. Vytváranie počítačových modelov reálnych vzťahov v zásobovaní, výrobe, balení, skladovaní a doprave tovaru zákazníkom. Jednoduchý logistický systém: obstarávanie, premena - distribúcia. Logistické náklady - náklady...

Ausführliche Beschreibung

Gespeichert in:
Bibliographische Detailangaben
1. Verfasser: Čech, P.
Format: Buchkapitel
Sprache:Tschechisch
Schlagworte:
Tags: Tag hinzufügen
Keine Tags, Fügen Sie das erste Tag hinzu!

MARC

LEADER 00000naa a2200000 4500
001 r012180
005 20220826094010.8
041 0 |a cze 
044 |a CZ 
245 1 0 |a Hledání nejvýhodnějšího řešení.  |b Logistika odstraňuje intuitivnost při rozhodování o podnikatelských záměrech.  |c P. Čech 
520 |a Aplikovanie logistiky na podnikateľskú sféru, poznatky teórie riadenia, zásob, sietí. Vytváranie počítačových modelov reálnych vzťahov v zásobovaní, výrobe, balení, skladovaní a doprave tovaru zákazníkom. Jednoduchý logistický systém: obstarávanie, premena - distribúcia. Logistické náklady - náklady na zariadenia, procesy, výrobky. Znižovanie nákladov prostredníctvom logistiky - optimalizácia všetkých procesov. 
610 2 0 |a logistika 
610 2 0 |a teória riadenia 
610 2 0 |a teória zásob 
610 2 0 |a modely matematické 
610 2 0 |a využitie počítačov 
610 2 0 |a podnikanie 
610 2 0 |a prostredie podnikateľské 
610 2 0 |a rozhodovanie podnikové 
610 2 0 |a náklady 
100 1 |a Čech, P.